Loading...
Strategy for business
| Main Author: | |
|---|---|
| Format: | Printed Book |
| Language: | Undetermined English |
| Published: |
New Delhi
Sage Publications
2002
|
| Subjects: |
| LEADER | 00520nam a2200169Ia 4500 | ||
|---|---|---|---|
| 008 | 140306s9999 xx 000 0 und d | ||
| 041 | |a eng | ||
| 082 | |a 650 |b MAZ/ST | ||
| 100 | |a Mazzucato, Mariana | ||
| 245 | |a Strategy for business | ||
| 260 | |a New Delhi |b Sage Publications |c 2002 | ||
| 300 | |a 378 | ||
| 365 | |b USD.22.99 | ||
| 650 | |a Knowledge management | ||
| 942 | |2 ddc |c BK | ||
| 999 | |c 186001 |d 186001 | ||
| 952 | |0 0 |1 0 |2 ddc |4 0 |6 650_000000000000000_MAZ_ST |7 0 |9 191910 |a KAUCBV |b KAUCBV |g 22.99 |o 650 MAZ/ST |r 2014-03-22 |w 2014-03-22 |y BK | ||